A future of ice : Poems and stories of a Japanese Buddhist
Đã lưu trong:
| Príomhúdar: | |
|---|---|
| Formáid: | Leabhar |
| Teanga: | Undetermined |
| Foilsithe: |
San Francisco
North Point Press
1989
|
| Clibeanna: |
Cuir Clib Leis
Gan Chlibeanna, Bí ar an gcéad duine leis an taifead seo a chlibeáil!
|
| Thư viện lưu trữ: | Trung tâm Học liệu Trường Đại học Cần Thơ |
|---|
| LEADER | 00568nam a2200193Ia 4500 | ||
|---|---|---|---|
| 001 | CTU_113447 | ||
| 008 | 210402s9999 xx 000 0 und d | ||
| 020 | |c 725000 | ||
| 082 | |a 895.614 | ||
| 082 | |b K33 | ||
| 100 | |a Kenji, Miyazawa | ||
| 245 | 2 | |a A future of ice : | |
| 245 | 0 | |b Poems and stories of a Japanese Buddhist | |
| 245 | 0 | |c Miyazawa Kenji ; translated and with an introduction by Hiroaki Sato | |
| 260 | |a San Francisco | ||
| 260 | |b North Point Press | ||
| 260 | |c 1989 | ||
| 904 | |i M.Loan | ||
| 980 | |a Trung tâm Học liệu Trường Đại học Cần Thơ | ||